Geomundo : abril 1979 /

Guardado en:
Bibliografiske detaljer
Andre forfattere: Hinojosa Flores, Ricardo A. (dirección) (dirección)
Format: Bog
Sprog:spansk
Udgivet: México : Editorial América, 1979, c1979
Fag:
Tags: Tilføj Tag
Ingen Tags, Vær først til at tagge denne postø!

MARC

LEADER 00000nam^a2200000^a^4500
001 000094272
005 20250521000000.0
009 20260310092830.309
037 |a Acervo ITESO - Biblioteca 
041 |a ESP 
082 |a 900. 5  |b GEO 1979 V. 3 T. 4 
240 1 1 |a [Geomundo] 
245 1 0 |a Geomundo :  |b abril 1979 /  |c Dir. de R.A. Hinojosa Flores. 
264 4 |a México :  |b Editorial América,  |c 1979, c1979 
300 |a p. 402-527 
336 |a texto  |b txt  |2 rdacontenido 
337 |a sin mediación  |b n  |2 rdamedio 
338 |a volumen  |b nc  |2 rdasoporte 
649 |a XX 
650 |a Geografía -  |x Publicaciones Periódicas Mexicanas 
650 |a Siberia, Rusia -  |x Descripción 
650 |a Polonia -  |x Descripción 
650 |a Castores 
650 |a Mosquitos 
650 |a Esmeraldas -  |z Colombia 
650 |a Mineros Colombianos 
650 |a Grupos Etnicos -  |z Africa Ecuatorial Francesa 
700 |a Hinojosa Flores, Ricardo A.  |e (dirección) 
910 |a Fondo Jesús Rodríguez 
920 |a Impresos - Libros 
930 |a Fondos Especiales 
905 |a 113 
901 |a 0500028593  |b IT2  |c ESP  |u 20250521 
902 |a https://opac.biblio.iteso.mx/vufind/Record/000094272